000 01604nam a22002057a 4500
003 OSt
082 _a631
088 _a258
100 _aMeera T. Balan
100 _aSajna A
100 _aSwetha K.P
245 _aEffect of Different Irrigation and Fertigation Levels on Yield of Cowpea under Polyhouse
260 _aK.C.A.E.T Thavanur
_bKerala Agricultural University
300 _a55
650 _aFertigation Levels/ Irrigation-treatment/ Polyhouse Cultivation/ Cow Pea Cultivation/ Claimatic Condition/ Temperature - Polyhouse/ Humidity- Polyhouse/ Dry Irrigation
_91970
700 _aEr. Anu Varughese
_91971
856 _u258
942 _cPR
999 _c14778
_d14778